| 000 | 00481nam a2200181Ia 4500 | ||
|---|---|---|---|
| 008 | 210210b1996 xxu||||| |||| 00| 0 eng d | ||
| 020 | _a81 259 0200 7 | ||
| 082 | _a657.044 GUPA | ||
| 100 | _aGUPTA (O P). | ||
| 245 | _aAccountancy: principles and practice. V2. II P U C. | ||
| 250 | _a | ||
| 260 |
_aNew Delhi. _bVikas Publisihing House Pvt Ltd., _c1996 |
||
| 300 | _aviii,385 | ||
| 440 | _a2 | ||
| 650 | _aAccountancy II PUC | ||
| 690 | _aAccountancy | ||
| 906 | _a051723 | ||
| 999 |
_c100091 _d100091 |
||